000 01116nam0a22002411 4500
001 v19\rc\1242985
005 20250617233006.0
035 _a(NLR Aleph) 004400613
090 _a3873528
_c3873528
100 _a20060306d1886 |||y0rusy50 ca
101 0 _arus
102 _aRU
105 _ay b |||||
200 1 _aТорговля аптекарскими, химическими, парфюмерными и москательными товарами, масляными и осветительными материалами, Ивана Андреевича Цветнова в Москве
_e[Перечень товаров
210 _aМосква]
_cтип. В.Я. Барбей
_dценз. 1886
215 _a[2] с.
702 1 _aЦветнов
_bИ.А.
_gИван Андреевич
_4570
710 0 2 _aТорговля аптекарскими, химическими, парфюмерными и москательными товарами И.А. Цветнова
_cМосква
801 0 _aRU
_bNLR
_gpsbo
801 1 _aRU
_bProSoft-M
_2rusmarc
852 _aNLR
_j18.319.2.102
942 _cBOOK
980 _aNB